00445nam a2200157Ia 4500003000900000008004100009020001800050040001600068080001700084100001800101245008400119250001200203260003800215300001500253650001900268IN-BaIIA211028s9999 xx 000 0 eng d a9971-51-281-5 cIIA Library a530.145bMER aMerzbacher, E 0aQuantum mechanicscE. Merzbacher  a3rd ed. aNew YorkbJohn Wiley & Sonsc1998 axvi, 656p. aquantum theory